| 000 | 00418nam a22001577a 4500 | ||
|---|---|---|---|
| 005 | 20251108172808.0 | ||
| 008 | 250721s2002 xx 000 0 ara d | ||
| 082 | 1 | 4 | _a808.87/مصط |
| 100 | 1 | _aمصطفى، شريف | |
| 245 | 1 | 0 | _aطرائف مشاهير العالم / |
| 264 | 1 |
_aحلب : _bدار الرضوان، _c2002. |
|
| 300 | _a64ص. | ||
| 650 | 1 | 7 | _aالفكاهة |
| 942 |
_2ddc _cBK |
||
| 999 |
_c88677 _d88677 |
||